Paroles - Bélinda - Claude François - Statistiques

Statistiques générales
  • Ce quiz a été pris 250 fois
  • Le résultat moyen est 143 sur 188
Statistiques - réponses
Réponse % Correct
à
99%
a
99%
Elle
99%
elle
99%
le
99%
Bélinda
98%
bleus
98%
yeux
98%
les
97%
front
94%
blond
93%
la
91%
m'a
84%
ma
84%
vous
84%
Vous
84%
Je
80%
je
80%
Je
80%
que
80%
et
78%
Et
78%
qui
74%
Un
73%
Il
72%
Une
71%
une
71%
faut
67%
pour
67%
pouvez
66%
de
64%
Si
63%
m'aider
62%
trouver
60%
reconnaîtrez
58%
chante
57%
oublier
55%
ça
53%
étoile
53%
mon
53%
voyez
53%
fait
51%
filante
51%
qu'elle
51%
ses
51%
va
51%
quitté
49%
s'en
49%
C'est
47%
coeur
47%
en
47%
dans
45%
revient
45%
est
43%
fois
43%
Mais
41%
comme
40%
dix
39%
mains
36%
avoir
33%
l'habitude
33%
l'ai
31%
devrais
30%
défait
29%
souvent
29%
vent
28%
solitude
26%
sans
25%
soleil
24%
voix
22%
fleur
20%
j'entends
20%
l'appelle
20%
chaleur
18%
crier
18%
tombe
18%
l'attendre
17%
sommeil
16%
Aucun quiz correspondant
Distribution des résultats
% des personnes avec chaque résultat
Percentile par nombre de réponses
Votre historique - résultats
Vous n’avez pas pris ce quiz